000 00437nam a2200145Ia 4500
008 240729s9999 xx 000 0 und d
022 _a2690-2664
245 0 _aNeurons, Behavior, Data Analysis, and Theory
260 _aUnited States
260 _bThe neurons, behavior, data analysis and theory collective
650 _aScience
856 _uhttps://doaj.org/toc/238c7e6aa10a43539995d34d8e41a7e6
942 _2ddc
942 _cDOAJEJ
999 _c72142
_d72142
945 _a1
_bMadushi Gamage
_c1
_dMadushi Gamage